Car Brands by Country - Statistics

General Stats
  • This quiz has been taken 46 times
  • The average score is 7 of 15
Answer Stats
Hint Answer % Correct
Mitsuoka Japan
80%
Lada Russia
80%
Nikola USA
73%
Scania Sweden
68%
Arcfox China
66%
Zagato Italy
64%
Aixam France
57%
Noble UK
55%
Boajun India
36%
Van Hool Belgium
34%
Bricklin Canada
32%
HSV Australia
27%
Gurgel Brazil
18%
Proton Malaysia
18%
W Motors UAE
18%
No matching quizzes found
Score Distribution
Percent of People with Each Score
Percentile by Number Answered
Your Score History
You have not taken this quiz